| 000 | 00536nam a22001817a 4500 | ||
|---|---|---|---|
| 003 | 0 | ||
| 005 | 20160609165236.0 | ||
| 008 | 100105t xxu||||| |||| 00| 0 eng d | ||
| 037 |
_aM15387 _bEPAC |
||
| 040 |
_aUAC _bF _cEPAC |
||
| 082 | _a27.APE/AKPO | ||
| 100 |
_aAline Kamarotin AKPO _92533 |
||
| 245 | _aZonage de la forêt classée d'Agoua : problèmes et perspectives pour une gestion durable | ||
| 260 |
_aEPAC _bBIBLIO _c2007-2008 |
||
| 300 |
_aI-59p _c29cm |
||
| 650 |
_aAMENAGEMENT PROTETION ENVIRONNEMENT _92534 |
||
| 942 | _cTHE | ||
| 999 |
_c46648 _d46648 |
||